[Event "GER-chT U20"]
[Site "Naumburg Saale"]
[Date "2014.12.27"]
[Round "1.5"]
[White "Thamm, Merlin Jannes"]
[Black "Shevelko, Alexander"]
[Result "0-1"]
[WhiteElo "1851"]
[BlackElo "1643"]
[PlyCount "102"]
[EventDate "2014.12.27"]
[EventType "team-swiss"]
[EventRounds "7"]
[EventCountry "GER"]
[SourceTitle "EXT 2016"]
[Source "ChessBase"]
[SourceDate "2015.10.08"]
[SourceVersion "1"]
[SourceVersionDate "2015.10.08"]
[SourceQuality "1"]
[WhiteTeam "Dresden TU"]
[BlackTeam "Potsdam USV"]
[WhiteTeamCountry "GER"]
[BlackTeamCountry "GER"]

1. e4 c6 2. d4 d5 3. e5 Bf5 4. Be3 e6 5. Nd2 Nd7 6. Ngf3 f6 7. Be2 fxe5 8. Nxe5 Nxe5 9. dxe5 Ne7 10. c3 Qc7 11. f4 c5 12. 0-0 Nc6 13. Nb3 b6 14. Bh5+ g6 15. Bf3 c4 16. Nc1 g5 17. fxg5 Nxe5 18. Qa4+ Kd8 19. Bxd5 exd5 20. Rxf5 Bc5 21. Bd4 Re8 22. Qd1 Qd7 23. Rf4 Ng6 24. Rf1 Qe6 25. b3 Qe4 26. Bxc5 bxc5 27. bxc4 Qxc4 28. Rb1 Qe4 29. Rb2 Nf4 30. Qf3 Qxf3 31. Rxf3 Re1+ 32. Kf2 Rxc1 33. Rxf4 Ke8 34. Rb7 Rd8 35. Rff7 Rb8 36. Rxh7 Rc2+ 37. Ke3 Rxc3+ 38. Kd2 Rxb7 39. Rxb7 Ra3 40. Rb2 c4 41. Rb5 d4 42. Rd5 Rxa2+ 43. Kc1 d3 44. Rd4 Rc2+ 45. Kd1 a5 46. g6 a4 47. Rf4 Rxg2 48. g7 Rxg7 49. Rxc4 Rg1+ 50. Kd2 a3 51. Ra4 a2 0-1

[Event "Sachsen-ch U16"]
[Site "Sebnitz"]
[Date "2013.04.03"]
[Round "2"]
[White "Thamm, Merlin Jannes"]
[Black "Essler, Jonathan"]
[Result "0-1"]
[WhiteElo "1750"]
[BlackElo "1625"]
[PlyCount "76"]
[EventDate "2013.04.02"]
[EventType "swiss"]
[EventRounds "7"]
[EventCountry "GER"]
[SourceTitle "EXT 2014"]
[Source "ChessBase"]
[SourceDate "2013.11.20"]
[SourceVersion "1"]
[SourceVersionDate "2013.11.20"]
[SourceQuality "1"]

1. e4 d5 2. exd5 Qxd5 3. d4 Nf6 4. c4 Qd8 5. Nc3 c6 6. Be2 Bf5 7. Nf3 e6 8. 0-0 Nbd7 9. Nh4 Bg6 10. Nxg6 hxg6 11. d5 Qc7 12. g3 Nh5 13. dxe6 fxe6 14. Bg5 Ndf6 15. Qd3 Kf7 16. Qe3 Bd6 17. c5 Be5 18. Bc4 Ng4 19. Qf3+ Nhf6 20. Bxf6 Nxh2 21. Qe2 gxf6 22. Rfe1 Rae8 23. Rad1 Kf8 24. f4 Bxc3 25. bxc3 Qa5 26. Qe3 Ng4 27. Qd4 Rh3 28. Kg2 Rh2+ 29. Kf3 f5 30. Re2 e5 31. fxe5 Rxe2 32. Kxe2 Nxe5 33. Kf1 Qc7 34. Qh4 Qg7 35. Bb3 Ng4 36. Rd4 Qe5 37. Rxg4 Qe1+ 38. Kg2 Re2+ 0-1

[Event "Sachsen-ch U16"]
[Site "Sebnitz"]
[Date "2012.04.13"]
[Round "5"]
[White "Jacob, Tobias"]
[Black "Thamm, Merlin Jannes"]
[Result "0-1"]
[WhiteElo "1797"]
[BlackElo "1739"]
[PlyCount "60"]
[EventDate "2012.04.10"]
[EventType "swiss"]
[EventRounds "7"]
[EventCountry "GER"]
[SourceTitle "CBM 148 Extra"]
[Source "ChessBase"]
[SourceDate "2012.06.22"]
[SourceVersion "1"]
[SourceVersionDate "2012.06.22"]
[SourceQuality "1"]

1. e4 c6 2. d4 d5 3. Nc3 dxe4 4. Nxe4 Bf5 5. Ng3 Bg6 6. h4 h6 7. Nf3 Nd7 8. h5 Bh7 9. Bd3 Bxd3 10. Qxd3 Ngf6 11. Bf4 Qa5+ 12. Bd2 Qc7 13. 0-0-0 0-0-0 14. Rhe1 e6 15. c4 c5 16. Bc3 Nb6 17. b3 Kb8 18. Qc2 Ka8 19. Ne5 cxd4 20. Bxd4 Ba3+ 21. Kb1 Rhf8 22. Ne4 Rxd4 23. Rxd4 Qxe5 24. Qd2 Nxe4 25. Rexe4 Qc7 26. Rg4 f6 27. Rd3 Qe7 28. Rdg3 Rd8 29. Rxg7 Rxd2 30. Rxe7 Bxe7 0-1

[Event "Sachsen-ch U14"]
[Site "Sebnitz"]
[Date "2011.04.27"]
[Round "2"]
[White "Peil, Christoph"]
[Black "Thamm, Merlin Jannes"]
[Result "1-0"]
[WhiteElo "1981"]
[BlackElo "1695"]
[PlyCount "91"]
[EventDate "2011.04.26"]
[EventType "swiss"]
[EventRounds "7"]
[EventCountry "GER"]
[SourceTitle "EXT 2012"]
[Source "ChessBase"]
[SourceDate "2011.11.24"]
[SourceVersion "1"]
[SourceVersionDate "2011.11.24"]
[SourceQuality "1"]

1. d4 Nf6 2. c4 Nc6 3. Nf3 d6 4. Nc3 e5 5. d5 Ne7 6. e4 g6 7. Be2 Bg7 8. Nd2 0-0 9. b4 Nd7 10. Nb3 f5 11. 0-0 Nf6 12. f3 f4 13. Bd2 g5 14. c5 Ng6 15. Be1 Rf7 16. Bf2 Bf8 17. Rc1 h5 18. h3 Rg7 19. cxd6 cxd6 20. Re1 Nh8 21. Nb5 b6 22. Rc3 g4 23. hxg4 hxg4 24. Kf1 gxf3 25. Bxf3 Ba6 26. a4 Qd7 27. Qe2 Rc8 28. Rxc8 Qxc8 29. Rc1 Qd7 30. Rc6 Nf7 31. Bh4 Ng4 32. Bxg4 Rxg4 33. Bf2 Nd8 34. Rc3 Qg7 35. Be1 Qg6 36. Nd2 Qg7 37. Nf3 Rg6 38. Nh4 Rh6 39. Kg1 Bxb5 40. axb5 Qh7 41. Qg4+ Kh8 42. Qf5 Be7 43. Qxh7+ Rxh7 44. Ng6+ Kg8 45. Nxe7+ Rxe7 46. Rc8 1-0

[Event "GER-chT U14"]
[Site "Magdeburg"]
[Date "2010.12.28"]
[Round "4.3"]
[White "Duchow, Julien"]
[Black "Thamm, Merlin Jannes"]
[Result "0-1"]
[WhiteElo "1568"]
[BlackElo "1563"]
[PlyCount "134"]
[EventDate "2010.12.27"]
[EventType "team-swiss"]
[EventRounds "7"]
[EventCountry "GER"]
[SourceTitle "CBM 140 Extra"]
[Source "ChessBase"]
[SourceDate "2011.03.01"]
[SourceVersion "1"]
[SourceVersionDate "2011.03.01"]
[SourceQuality "1"]
[WhiteTeam "Wildeshausen"]
[BlackTeam "Dresden USV"]
[WhiteTeamCountry "GER"]
[BlackTeamCountry "GER"]

1. e4 c6 2. Nf3 d5 3. Nc3 Bg4 4. h3 Bh5 5. exd5 cxd5 6. d4 e6 7. a3 Nc6 8. Be3 Nf6 9. Be2 Bg6 10. Bf4 Be7 11. 0-0 0-0 12. Ne5 Rc8 13. Nxg6 hxg6 14. Qd3 Qb6 15. Rfd1 Na5 16. Qb5 Qxb5 17. Bxb5 a6 18. Bd3 Nc4 19. Bxc4 Rxc4 20. Rd2 Rfc8 21. Kf1 b5 22. Rd3 Kf8 23. Ke1 Ke8 24. Kd1 Kd7 25. Rd2 Bf8 26. Kc1 Be7 27. Kd1 Bd8 28. Rd3 Ba5 29. Bd2 Bxc3 30. Bxc3 Ne4 31. Ke1 Nxc3 32. Rxc3 Rxd4 33. Rxc8 Kxc8 34. Ke2 Kd7 35. Ke3 Rc4 36. Kd3 Kd6 37. Re1 e5 38. c3 Rf4 39. Re2 Rh4 40. Re3 f5 41. Rg3 Rh6 42. f3 Ke6 43. b3 f4 44. Rg4 Kf5 45. c4 e4+ 46. fxe4+ dxe4+ 47. Kd2 bxc4 48. bxc4 g5 49. c5 Rc6 50. g3 g6 51. gxf4 gxf4 52. Rh4 Rxc5 53. Rh8 Ra5 54. Rf8+ Kg5 55. Re8 e3+ 56. Ke2 Rxa3 57. Re5+ Kf6 58. Rd5 g5 59. Rd8 a5 60. Rf8+ Kg7 61. Rf5 Kg6 62. Rf8 a4 63. h4 Ra2+ 64. Ke1 a3 65. hxg5 Kxg5 66. Ra8 Kg4 67. Ra7 Kf3 0-1

[Event "GER-chT U14"]
[Site "Magdeburg"]
[Date "2010.12.27"]
[Round "1.3"]
[White "Schueckler, Jan"]
[Black "Thamm, Merlin Jannes"]
[Result "0-1"]
[WhiteElo "1217"]
[BlackElo "1563"]
[PlyCount "72"]
[EventDate "2010.12.27"]
[EventType "team-swiss"]
[EventRounds "7"]
[EventCountry "GER"]
[SourceTitle "CBM 140 Extra"]
[Source "ChessBase"]
[SourceDate "2011.03.01"]
[SourceVersion "1"]
[SourceVersionDate "2011.03.01"]
[SourceQuality "1"]
[WhiteTeam "Eppingen"]
[BlackTeam "Dresden USV"]
[WhiteTeamCountry "GER"]
[BlackTeamCountry "GER"]

1. e4 c6 2. Nc3 d5 3. exd5 cxd5 4. d4 Nf6 5. Bf4 Bf5 6. Bd3 Bg6 7. Bxg6 hxg6 8. f3 e6 9. Qd3 Nc6 10. Nge2 Be7 11. Qb5 Qc8 12. 0-0 0-0 13. a3 a6 14. Qd3 b5 15. b4 Nh5 16. Be5 Qb7 17. Rfd1 Qa7 18. Rdb1 Nxe5 19. Qe3 Nc4 20. Qf2 Rac8 21. g4 Nf6 22. h3 Rc6 23. a4 Qb7 24. a5 Rfc8 25. Qe1 Bd6 26. Rb3 Qe7 27. Rab1 Nh7 28. h4 Qf6 29. Kg2 Ne3+ 30. Kf2 Nxg4+ 31. Kg2 Ne3+ 32. Kf2 Nf5 33. Qd2 Qxh4+ 34. Kg2 Qh2+ 35. Kf1 Ng3+ 36. Nxg3 Qxd2 0-1

[Event "GER-chT U14"]
[Site "Magdeburg"]
[Date "2010.12.27"]
[Round "2.3"]
[White "Thamm, Merlin Jannes"]
[Black "Lagunow, Raphael"]
[Result "1-0"]
[WhiteElo "1563"]
[BlackElo "1811"]
[PlyCount "93"]
[EventDate "2010.12.27"]
[EventType "team-swiss"]
[EventRounds "7"]
[EventCountry "GER"]
[SourceTitle "CBM 140 Extra"]
[Source "ChessBase"]
[SourceDate "2011.03.01"]
[SourceVersion "1"]
[SourceVersionDate "2011.03.01"]
[SourceQuality "1"]
[WhiteTeam "Dresden USV"]
[BlackTeam "Berlin Makkabi"]
[WhiteTeamCountry "GER"]
[BlackTeamCountry "GER"]

1. e4 c5 2. Nf3 Nc6 3. d4 cxd4 4. Nxd4 g6 5. Nxc6 bxc6 6. Be3 Bg7 7. c3 Nf6 8. Bd3 0-0 9. 0-0 Rb8 10. Qc2 Qc7 11. h3 d5 12. Nd2 Rd8 13. Nb3 Nxe4 14. Bxe4 dxe4 15. Qxe4 Bf5 16. Qf3 e5 17. Rfd1 a5 18. Qe2 Re8 19. Rd2 Rbd8 20. Rad1 Bf6 21. Qc4 Be6 22. Qa4 Rxd2 23. Rxd2 Bd8 24. Nc5 Bf5 25. b4 Bc8 26. Nb3 axb4 27. cxb4 Qb7 28. Nc5 Qb5 29. Qb3 Be7 30. a4 Qb8 31. Rb2 Rd8 32. b5 Bxc5 33. Bxc5 Be6 34. Qc2 Bf5 35. Qc1 cxb5 36. Rxb5 Qa8 37. Rb4 Qc6 38. Qe3 e4 39. Bd4 Rc8 40. a5 Qc1+ 41. Qxc1 Rxc1+ 42. Kh2 Rc8 43. a6 e3 44. fxe3 Be4 45. a7 f5 46. Rb8 Rf8 47. Bc5 1-0

[Event "Blaszczak Memorial 25th"]
[Site "Wroclaw"]
[Date "2010.06.04"]
[Round "1"]
[White "Chenska, Karolina"]
[Black "Thamm, Merlin Jannes"]
[Result "0-1"]
[WhiteElo "1560"]
[BlackElo "1806"]
[PlyCount "110"]
[EventDate "2010.06.03"]
[EventType "swiss"]
[EventRounds "9"]
[EventCountry "POL"]
[SourceTitle "EXT 2023"]
[Source "ChessBase"]
[SourceDate "2022.10.05"]
[SourceVersion "1"]
[SourceVersionDate "2022.10.05"]
[SourceQuality "1"]

1. e4 c6 2. d4 d5 3. exd5 cxd5 4. Bd3 Nc6 5. Nf3 Bg4 6. c3 Rc8 7. 0-0 Nf6 8. Bf4 e6 9. Re1 Be7 10. Nbd2 0-0 11. a3 a6 12. Qc2 Bh5 13. Rac1 Bg6 14. Ne5 Nxd4 15. Qb1 Bxd3 16. Qxd3 Nc6 17. Rcd1 Nd7 18. Ndf3 Nc5 19. Qb1 Nd7 20. Re2 Bf6 21. h3 Ncxe5 22. Nxe5 Nxe5 23. Bxe5 Bxe5 24. Rxe5 Qf6 25. Rde1 Rc4 26. Qd3 b5 27. Qd2 h6 28. b3 Rc6 29. Qd4 Rfc8 30. R1e3 Qg6 31. Rd3 Rc5 32. f4 Qf6 33. g3 R5c6 34. Kg2 Qe7 35. b4 Qf6 36. Kf3 Rc4 37. Qe3 Qg6 38. h4 Qxd3 39. Qxd3 Rxc3 40. Re3 Rxd3 41. Rxd3 Rc4 42. Ke3 Kf8 43. h5 Ke7 44. g4 Kd7 45. Kf3 Kd6 46. Ke3 f6 47. Kf3 e5 48. fxe5+ fxe5 49. Kg3 d4 50. Kf3 Rc3 51. Rxc3 dxc3 52. Ke3 c2 53. Kd2 Kd5 54. Kxc2 Ke4 55. Kd2 Kf3 0-1

[Event "Blaszczak Memorial 25th"]
[Site "Wroclaw"]
[Date "2010.06.03"]
[Round "4.5"]
[White "Thamm, Merlin Jannes"]
[Black "Szyler, Bartosz"]
[Result "1/2-1/2"]
[WhiteElo "1806"]
[BlackElo "1574"]
[PlyCount "57"]
[EventDate "2010.06.03"]
[EventType "swiss"]
[EventRounds "9"]
[EventCountry "POL"]
[SourceTitle "EXT 2023"]
[Source "ChessBase"]
[SourceDate "2022.10.05"]
[SourceVersion "1"]
[SourceVersionDate "2022.10.05"]
[SourceQuality "1"]

1. e4 e5 2. Nf3 Nc6 3. Bc4 Bc5 4. c3 Nf6 5. d3 d6 6. a4 a5 7. 0-0 Be6 8. Nbd2 0-0 9. h3 h6 10. Re1 Nh7 11. Qb3 Bxc4 12. Nxc4 b6 13. Be3 Rb8 14. Qd1 f5 15. exf5 Rxf5 16. Bxc5 bxc5 17. Rb1 Ng5 18. Nxg5 Rxg5 19. Re3 d5 20. Nd2 Qf6 21. Rg3 Rxg3 22. fxg3 Rf8 23. Qe2 Qg6 24. g4 Rf4 25. Ra1 Qe6 26. Kh2 Qf6 27. Kg1 Qe6 28. Kh2 Qf6 29. Kg1 1/2-1/2

[Event "Blaszczak Memorial 25th"]
[Site "Wroclaw"]
[Date "2010.06.03"]
[Round "8.6"]
[White "Thamm, Merlin Jannes"]
[Black "Zyla, Agata"]
[Result "0-1"]
[WhiteElo "1806"]
[BlackElo "1565"]
[PlyCount "90"]
[EventDate "2010.06.03"]
[EventType "swiss"]
[EventRounds "9"]
[EventCountry "POL"]
[SourceTitle "EXT 2023"]
[Source "ChessBase"]
[SourceDate "2022.10.05"]
[SourceVersion "1"]
[SourceVersionDate "2022.10.05"]
[SourceQuality "1"]

1. e4 e5 2. Nf3 Nc6 3. Bc4 Bc5 4. c3 Nf6 5. d3 d6 6. a4 Bb6 7. 0-0 Bg4 8. Nbd2 0-0 9. h3 Bh5 10. Re1 Re8 11. Nf1 d5 12. exd5 Nxd5 13. Ng3 Bg6 14. d4 e4 15. Nd2 e3 16. Nf3 exf2+ 17. Kxf2 Qd7 18. Rxe8+ Rxe8 19. Bd2 h6 20. Qf1 Nf6 21. Be3 Be4 22. Kg1 a6 23. Kh1 Qd6 24. Qf2 Bd5 25. Nd2 Ne7 26. Rf1 Qd7 27. Bxh6 Qxh3+ 28. Kg1 Qxh6 29. Bxd5 Nexd5 30. Nde4 Qe3 31. Nxf6+ Nxf6 32. Nf5 Qxf2+ 33. Rxf2 Re1+ 34. Rf1 Rxf1+ 35. Kxf1 g6 36. Ne3 Kf8 37. Kf2 Ke7 38. Kf3 c6 39. g4 Ke6 40. g5 Nd5 41. Nc4 Bc7 42. Ke4 f5+ 43. Kf3 b5 44. axb5 axb5 45. Nd2 Bd8 0-1

[Event "GER-chT U12"]
[Site "Arendsee"]
[Date "2009.12.30"]
[Round "7.2"]
[White "Thamm, Merlin Jannes"]
[Black "Richter, Leonard"]
[Result "0-1"]
[WhiteElo "1546"]
[BlackElo "1650"]
[PlyCount "166"]
[EventDate "2009.12.27"]
[EventType "team-swiss"]
[EventRounds "7"]
[EventCountry "GER"]
[SourceTitle "EXT 2022"]
[Source "ChessBase"]
[SourceDate "2021.10.06"]
[SourceVersion "1"]
[SourceVersionDate "2021.10.06"]
[SourceQuality "1"]
[WhiteTeam "Dresden USV TU U12"]
[BlackTeam "Leipzig BSG Chemie U12"]
[WhiteTeamCountry "GER"]
[BlackTeamCountry "GER"]

1. e4 c6 2. d4 d5 3. Nc3 dxe4 4. Nxe4 Nd7 5. Nf3 Ngf6 6. Ng3 g6 7. Bf4 Bg7 8. Bc4 Nb6 9. Bb3 Nbd5 10. Bxd5 Nxd5 11. Be3 0-0 12. 0-0 Bg4 13. h3 Bxf3 14. Qxf3 e6 15. c3 a5 16. Ne2 b5 17. Nf4 Qb6 18. a3 Rfd8 19. Rfd1 Rd7 20. Nxd5 cxd5 21. Bd2 Rc8 22. Qd3 Rb7 23. Rdc1 Rbc7 24. Bf4 Rc4 25. Bd2 Bf8 26. b4 R8c6 27. Rab1 Qc7 28. Qe3 Bd6 29. Ra1 Bf8 30. Rab1 Bg7 31. Ra1 Ra6 32. Kh1 Qd6 33. Kg1 e5 34. dxe5 Bxe5 35. Re1 Re4 36. Qd3 Rc4 37. Qe3 f6 38. Qd3 a4 39. Rac1 Rac6 40. Red1 d4 41. cxd4 Rxd4 42. Rxc6 Rxd3 43. Rxd6 Rxd6 44. Kf1 Bb2 45. Ke2 Bxa3 46. Ra1 Bb2 47. Ra2 Be5 48. Bc1 Kf7 49. Rc2 Re6 50. Kd3 Rd6+ 51. Ke4 Re6 52. Kd3 Rd6+ 53. Ke2 Ke6 54. Rc5 Rd5 55. Rc6+ Kd7 56. Rc2 Kd6 57. Ke3 g5 58. Ke2 h5 59. g3 h4 60. g4 Bf4 61. Bb2 Be5 62. Bc1 Bd4 63. Ra2 Bc3 64. Ba3 Rd4 65. Ke3 Rf4 66. f3 Bxb4 67. Bc1 Rc4 68. Bb2 Bc3 69. Bc1 Bd4+ 70. Kd2 Be3+ 71. Kxe3 Rxc1 72. Rb2 a3 73. Ra2 b4 74. Kd2 Rh1 75. Kd3 Rxh3 76. Rf2 b3 77. Kc3 a2 78. Kb2 Rh1 79. Kxb3 a1Q 80. Rd2+ Kc5 81. Rc2+ Kb5 82. f4 Rb1+ 83. Rb2 Qxb2# 0-1

[Event "Sachsen-ch U12"]
[Site "Sebnitz"]
[Date "2009.04.17"]
[Round "6"]
[White "Kieslich, Aaron"]
[Black "Thamm, Merlin Jannes"]
[Result "1/2-1/2"]
[WhiteElo "1505"]
[BlackElo "1257"]
[PlyCount "120"]
[EventDate "2009.04.14"]
[EventType "swiss"]
[EventRounds "7"]
[EventCountry "GER"]
[SourceTitle "EXT 2010"]
[Source "ChessBase"]
[SourceDate "2010.11.25"]
[SourceVersion "1"]
[SourceVersionDate "2010.11.25"]
[SourceQuality "1"]

1. e4 c6 2. d4 d5 3. e5 Bf5 4. Nf3 e6 5. Be2 Nd7 6. Be3 c5 7. c3 cxd4 8. cxd4 Bb4+ 9. Nbd2 Rc8 10. Rc1 Ne7 11. 0-0 Bxd2 12. Qxd2 0-0 13. h3 Qb6 14. b3 Nc6 15. Rc3 Nb4 16. Rfc1 Rxc3 17. Rxc3 Qa5 18. a4 Na2 19. Rc8 Qxd2 20. Rxf8+ Kxf8 21. Bxd2 Bc2 22. a5 Bxb3 23. Bb5 Nb8 24. g4 a6 25. Bd3 Kg8 26. h4 Nc6 27. Kg2 Nab4 28. Bb1 Bc2 29. Bxc2 Nxc2 30. Bc3 Na3 31. Kg3 Nc4 32. Kf4 N6xa5 33. Bxa5 Nxa5 34. Ke3 b5 35. Kd3 b4 36. Kc2 Nc6 37. Kb3 f6 38. exf6 gxf6 39. g5 f5 40. h5 Kg7 41. Ka4 Kf7 42. Kb3 e5 43. dxe5 Ke6 44. Kc2 f4 45. Kb3 a5 46. Kc2 a4 47. Kb2 Kf5 48. g6 hxg6 49. h6 Nd8 50. h7 Nf7 51. e6 Kxe6 52. Ng5+ Nxg5 53. h8Q Ne4 54. Qe8+ Kf5 55. Qxa4 Nxf2 56. Qc2+ Ne4 57. Qc8+ Ke5 58. Qe8+ Kf5 59. Qd7+ Ke5 60. Qg4 g5 1/2-1/2